书目信息 |
| 题名: |
大学生英语口语手册
|
|
| 作者: | 赵建群 编著 | |
| 分册: | ||
| 出版信息: | 北京 高等教育出版社 1999.6 |
|
| 页数: | 275页 | |
| 开本: | 20cm | |
| 丛书名: | ||
| 单 册: | ||
| 中图分类: | H319.9-62 | |
| 科图分类: | ||
| 主题词: | 英语 | |
| 电子资源: | ||
| ISBN: | 7-04-007306-4 | |
| 000 | 00567nam0 2200193 45 | |
| 001 | 0235540950 | |
| 005 | 2002122309522069 | |
| 010 | @a7-04-007306-4@dRMB 15.00 | |
| 100 | @a20021223d1999 km y0chiy0120 ea | |
| 101 | 0 | @achi |
| 102 | @aCN@b110000 | |
| 200 | 1 | @a大学生英语口语手册@Ada xue sheng ying yu kou yu shou ce@f赵建群编著@Fzhao jian qun bian zhu |
| 210 | @a北京@c高等教育出版社@d1999.6 | |
| 215 | @a275页@d20cm | |
| 606 | 0 | @a英语 |
| 690 | @aH319.9-62@v3 | |
| 701 | 0 | @a赵建群@Azhao jian qun@4编著 |
| 801 | 0 | @aCN@bPFT@c20021223 |
| 905 | @a10447@dH319.9-62@eZ300 | |
| 大学生英语口语手册/赵建群编著.-北京:高等教育出版社,1999.6 |
| 275页;20cm |
| ISBN 7-04-007306-4:RMB 15.00 |
| ● |
| 相关链接 |
|
|
|
正题名:大学生英语口语手册
索取号:H319.9-62/Z300
 
预约/预借
| 序号 | 登录号 | 条形码 | 馆藏地/架位号 | 状态 | 备注 |
| 1 | 363783 | 203637831 | 语言库209/209语言库 115排2列5层/ [索取号:H319.9-62/Z300] | 在馆 | |
| 2 | 363784 | 203637840 | 语言库209/209语言库 115排2列5层/ [索取号:H319.9-62/Z300] | 在馆 | |
| 3 | 363785 | 203637859 | 语言库209/209语言库 115排2列5层/ [索取号:H319.9-62/Z300] | 在馆 |